Para educar en el valor de la justicia: representaciones sociales en el marco de la escuela
Furkejuvvon:
| Váldodahkkit: | , |
|---|---|
| Materiálatiipa: | Girji |
| Giella: | espánnjágiella |
| Almmustuhtton: |
Bogotá
Magisterio
2003
|
| Preanttus: | 1a. ed |
| Ráidu: | Transversales
|
| Fáttát: | |
| Fáddágilkorat: |
Lasit fáddágilkoriid
Eai fáddágilkorat, Lasit vuosttaš fáddágilkora!
|
MARC
| LEADER | 00000cam a2200000 a 4500 | ||
|---|---|---|---|
| 001 | UCF1021 | ||
| 003 | CL-VaPUC | ||
| 008 | 120621e20030000CK |||||||||||||||||spa|d | ||
| 020 | |a 9582007370 | ||
| 082 | 0 | 4 | |a 370.115 |b SAL |2 21 |
| 100 | 0 | |a Salinas Salazar, Marta Lorena |e author |9 562706 | |
| 700 | 0 | |a Isaza Mesa, Luz Stella |e author |9 562707 | |
| 245 | 1 | 0 | |a Para educar en el valor de la justicia: representaciones sociales en el marco de la escuela |
| 250 | |a 1a. ed | ||
| 300 | |a 246 p | ||
| 942 | |c BK | ||
| 945 | |d 20120621 00:00:00 |a cmena | ||
| 260 | |a Bogotá |b Magisterio |c 2003 | ||
| 650 | 0 | |a Educación moral |9 308319 | |
| 650 | 0 | |a Justicia |9 255408 | |
| 650 | 0 | |a Etica social |9 267623 | |
| 650 | 0 | |a Problemas sociales |9 258537 | |
| 650 | 7 | |a CONCIENCIA SOCIAL |2 CL-VaPUC |9 394690 | |
| 583 | |a last modification |c 20140411 05:16:42 |k Rodrigo Vera | ||
| 490 | 0 | |a Transversales | |
| 999 | |c 348036 |d 348034 | ||
| 952 | |0 0 |1 0 |4 0 |6 370_115000000000000_SAL_2003 |7 0 |8 A |9 449895 |a BIBHIS |b BIBHIS |d 2019-11-22 |i 4875710 |o 370.115 SAL 2003 |p 4875710 |r 2025-01-20 |w 2019-11-22 |y BK |k HIS | ||